Wo befindet sich die Stadt? (Teil2) - Statistiken

Allgemein
  • Dieses Quiz wurde 118 mal gespielt
    69 seit der letzten Aktualisierung
  • Das Durchschnittsergebnis liegt bei 8 aus 10
Antwortstatistiken
Frage Antwort % Korrekt
Wo befindet sich Mumbai? Indien
100%
Wo befindet sich Bandung? Indonesien
100%
Wo befindet sich Cluj-Napoca? Rumänien
100%
Wo befindet sich Dakar? Senegal
100%
Wo befindet sich Szeged? Ungarn
100%
Wo befindet sich Vancouver? Vereinigte Staaten (USA)
100%
Wo befindet sich Port-au-Prince? Haiti
75%
Wo befindet sich Chihuahua? (Stadtname wie Hunderasse) Mexiko
75%
Wo befindet sich Jeju? Südkorea
75%
Wo befindet sich El Paso? Texas,USA
0%
Keine übereinstimmenden Quizze gefunden
Verteilung der Resultate
Anzahl Personen mit jedem Resultat
Perzentil nach korrekt beantworteten Fragen
Ihre Resultats-Entwicklung
Sie haben dieses Quiz seit der letzten Aktualisierung nicht gespielt